[Event "EU-Cup 39th"]
[Site "Vrnjacka Banja"]
[Date "2024.10.26"]
[Round "7.21"]
[White "Decoster, Frederic"]
[Black "Vucinic, Gojko"]
[Result "1-0"]
[WhiteElo "2260"]
[BlackElo "2366"]
[PlyCount "43"]
[EventDate "2024.10.20"]
[EventType "team-swiss"]
[EventRounds "7"]
[EventCountry "SRB"]
[SourceTitle "CB45_2024"]
[Source "ChessBase"]
[SourceDate "2024.11.06"]
[SourceVersion "1"]
[SourceVersionDate "2024.11.06"]
[SourceQuality "1"]
[WhiteTeam "Bruges"]
[BlackTeam "Wachtebeke"]
[WhiteTeamCountry "BEL"]
[BlackTeamCountry "BEL"]

1. e4 c5 2. Nf3 d6 3. d4 cxd4 4. Nxd4 Nf6 5. Nc3 g6 6. Be3 Bg7 7. f3 Nc6 8. Qd2 0-0 9. Bc4 Bd7 10. 0-0-0 Rb8 11. Bb3 Na5 12. Kb1 b5 13. g4 Nc4 14. Bxc4 bxc4 15. Ka1 Qb6 16. Rb1 Qa5 17. Nde2 Rb4 18. Bd4 Rfb8 19. a3 R4b7 20. Rhd1 Bc6 21. h4 e5 22. Be3 1-0

[Event "EU-Cup 39th"]
[Site "Vrnjacka Banja"]
[Date "2024.10.25"]
[Round "6.3"]
[White "Jablonicky, Martin"]
[Black "Decoster, Frederic"]
[Result "0-1"]
[WhiteElo "2424"]
[BlackElo "2260"]
[PlyCount "104"]
[EventDate "2024.10.20"]
[EventType "team-swiss"]
[EventRounds "7"]
[EventCountry "SRB"]
[SourceTitle "CB44_2024"]
[Source "Chessbase"]
[SourceDate "2024.10.30"]
[SourceVersion "1"]
[SourceVersionDate "2024.10.30"]
[SourceQuality "1"]
[WhiteTeam "Nitra K CERO"]
[BlackTeam "Bruges"]
[WhiteTeamCountry "SVK"]
[BlackTeamCountry "BEL"]

1. d4 Nf6 2. c4 g6 3. Nc3 d5 4. Nf3 Bg7 5. e3 0-0 6. cxd5 Nxd5 7. Bc4 Nxc3 8. bxc3 c5 9. 0-0 Nc6 10. Qe2 b6 11. Rd1 Qc7 12. h3 Bb7 13. e4 Rac8 14. Bb5 Na5 15. Bd3 e6 16. Bg5 f5 17. dxc5 bxc5 18. exf5 exf5 19. Bb5 Bc6 20. a4 Rce8 21. Qa2+ Qf7 22. Qxf7+ Rxf7 23. Rd6 Bxb5 24. axb5 Bxc3 25. Rc1 Bg7 26. Nd2 Rb7 27. Ra6 Rxb5 28. Rxa7 Nc6 29. Rc7 Nd4 30. Kf1 Ne6 31. Re7 Rxe7 32. Bxe7 Kf7 33. Bd6 Bh6 34. Rd1 Bxd2 35. Rxd2 c4 36. g3 Rb1+ 37. Kg2 Rb6 38. Be5 Ke7 39. Ra2 Nc5 40. Ra7+ Ke6 41. Bf4 Rb7 42. Ra5 Nd3 43. Ra6+ Kd5 44. Ra5+ Kd4 45. Bg5 Kc3 46. Ra8 Kb3 47. Rc8 Nb4 48. g4 fxg4 49. hxg4 c3 50. Bf6 Nd5 51. Bd4 c2 52. f4 Nxf4+ 0-1

[Event "BEL-chT 2324"]
[Site "Belgium"]
[Date "2024.04.21"]
[Round "11.6"]
[White "Krivolapov, Konstantin"]
[Black "Decoster, Frederic"]
[Result "1/2-1/2"]
[WhiteElo "2356"]
[BlackElo "2262"]
[PlyCount "59"]
[EventDate "2023.09.24"]
[EventType "team-tourn"]
[EventRounds "11"]
[EventCountry "BEL"]
[SourceTitle "EXT 2025"]
[Source "ChessBase"]
[SourceDate "2024.10.14"]
[SourceVersion "1"]
[SourceVersionDate "2024.10.14"]
[SourceQuality "1"]
[WhiteTeam "Mechelen"]
[BlackTeam "KBSK Brugge"]
[WhiteTeamCountry "BEL"]
[BlackTeamCountry "BEL"]

1. e4 c5 2. c3 Nf6 3. e5 Nd5 4. g3 d6 5. exd6 e6 6. Bg2 Bxd6 7. Nf3 Nc6 8. 0-0 0-0 9. d4 cxd4 10. Nxd4 Nxd4 11. Qxd4 Qc7 12. Nd2 Bd7 13. Qc4 Bc6 14. Ne4 Be7 15. Qe2 b5 16. Bg5 Rac8 17. Bxe7 Qxe7 18. Rfe1 Rfd8 19. Rad1 a6 20. Rd3 Nb6 21. Rxd8+ Qxd8 22. Rc1 Bd5 23. b3 h6 24. Bf1 Qc7 25. Nd2 Qd6 26. c4 bxc4 27. Nxc4 Nxc4 28. bxc4 Bb7 29. Bg2 Bxg2 30. Kxg2 1/2-1/2

[Event "Titled Tuesday intern op 21st Feb Early"]
[Site "Chess.com INT"]
[Date "2023.02.21"]
[Round "7"]
[White "Carrasco Miranda, Andres"]
[Black "Decoster, Frederic"]
[Result "1-0"]
[WhiteElo "2285"]
[BlackElo "2301"]
[PlyCount "39"]
[EventDate "2023.02.21"]
[EventType "swiss (blitz)"]
[EventRounds "11"]
[EventCountry "USA"]
[SourceTitle "CBM 212 Extra"]
[Source "ChessBase"]
[SourceDate "2023.03.31"]
[SourceVersion "1"]
[SourceVersionDate "2023.03.31"]
[SourceQuality "1"]

1. d4 Nf6 2. c4 g6 3. g3 Bg7 4. Bg2 0-0 5. Nc3 d6 6. Nf3 a6 7. 0-0 Nc6 8. Bf4 Bd7 9. Rc1 Nh5 10. Be3 e5 11. dxe5 dxe5 12. Qd2 Be6 13. b3 Nd4 14. Rfd1 c5 15. Bh6 Bg4 16. Bxg7 Kxg7 17. Nxe5 Be6 18. e3 Nf5 19. Qxd8 Raxd8 20. g4 1-0

[Event "Titled Tuesday intern op 21st Feb Early"]
[Site "Chess.com INT"]
[Date "2023.02.21"]
[Round "5"]
[White "Rosenberg, Evan"]
[Black "Decoster, Frederic"]
[Result "1/2-1/2"]
[WhiteElo "1997"]
[BlackElo "2301"]
[PlyCount "125"]
[EventDate "2023.02.21"]
[EventType "swiss (blitz)"]
[EventRounds "11"]
[EventCountry "USA"]
[SourceTitle "CBM 212 Extra"]
[Source "ChessBase"]
[SourceDate "2023.03.31"]
[SourceVersion "1"]
[SourceVersionDate "2023.03.31"]
[SourceQuality "1"]

1. d4 Nf6 2. Nf3 g6 3. Nc3 d5 4. Bf4 Bg7 5. Nb5 Na6 6. e3 0-0 7. h3 c6 8. Nc3 b5 9. Ne5 Qb6 10. Be2 Nd7 11. 0-0 Nxe5 12. Bxe5 b4 13. Na4 Qa5 14. b3 Bxe5 15. dxe5 Nc5 16. Nxc5 Qxc5 17. Bd3 a5 18. Rc1 Qc3 19. f4 Ba6 20. Qe1 Qxe1 21. Rfxe1 e6 22. Bxa6 Rxa6 23. c3 c5 24. cxb4 cxb4 25. Rc7 Rfa8 26. Rec1 R6a7 27. Kf2 Kf8 28. Ke2 Ke8 29. Kd3 Kd8 30. Rxa7 Rxa7 31. Kd4 Kd7 32. Rc5 a4 33. Rb5 axb3 34. axb3 Ra2 35. Rxb4 Rxg2 36. Rb7+ Ke8 37. Kc5 Re2 38. Kd6 Kf8 39. b4 Rxe3 40. b5 Rxh3 41. b6 Rf3 42. Rb8+ Kg7 43. b7 Rxf4 44. Ra8 Rb4 45. b8Q Rxb8 46. Rxb8 g5 47. Ke7 Kg6 48. Rf8 Kf5 49. Rxf7+ Kxe5 50. Rf6 g4 51. Rxe6+ Kf4 52. Rf6+ Ke5 53. Rf1 d4 54. Kf7 d3 55. Kg7 g3 56. Kxh7 Ke4 57. Kg6 g2 58. Ra1 Kf3 59. Kf5 Kf2 60. Ke4 d2 61. Kd3 g1Q 62. Rxg1 Kxg1 63. Kxd2 1/2-1/2

[Event "BEL-chT 1920"]
[Site "Belgium"]
[Date "2019.10.13"]
[Round "2.6"]
[White "De Haan, Eric"]
[Black "Decoster, Frederic"]
[Result "1-0"]
[WhiteElo "2301"]
[BlackElo "2294"]
[PlyCount "197"]
[EventDate "2019.09.29"]
[EventType "team-tourn"]
[EventRounds "11"]
[EventCountry "BEL"]
[SourceTitle "CBM 195 Extra"]
[Source "ChessBase"]
[SourceDate "2020.05.31"]
[SourceVersion "1"]
[SourceVersionDate "2020.05.31"]
[SourceQuality "1"]
[WhiteTeam "Borgerhout"]
[BlackTeam "KBSK Brugge"]
[WhiteTeamCountry "BEL"]
[BlackTeamCountry "BEL"]

1. d4 d6 2. c4 Nf6 3. Nc3 g6 4. e4 Bg7 5. f3 0-0 6. Bg5 a6 7. Qd2 Nbd7 8. Nge2 c5 9. d5 b5 10. cxb5 Qa5 11. Nc1 Nb6 12. a3 axb5 13. Nb3 Qa7 14. Nxb5 Qa4 15. Qc2 Ba6 16. Nc3 Qd7 17. Bxa6 Rxa6 18. Nd2 Rfa8 19. 0-0 Ne8 20. Rab1 Nc7 21. Rfc1 e6 22. dxe6 Nxe6 23. Be3 Nd4 24. Qd3 Qe6 25. Ne2 Ra4 26. Nc3 R4a7 27. Nb5 Nxb5 28. Qxb5 Nd5 29. Bf2 Nf4 30. Qf1 Rb7 31. Nc4 Rb3 32. Rd1 Nd3 33. Rxd3 Qxc4 34. Rxd6 Qxf1+ 35. Kxf1 c4 36. Rc1 Bxb2 37. Rxc4 Bxa3 38. Rdc6 Bf8 39. Bd4 Rb7 40. Ke2 h5 41. Rc8 Rbb8 42. Rxb8 Rxb8 43. f4 Bg7 44. e5 Ra8 45. Kf3 Ra3+ 46. Ke4 Ra2 47. Rc8+ Kh7 48. Kf3 Ra3+ 49. Ke4 Ra2 50. Rc7 Kg8 51. Kf3 Ra3+ 52. Kf2 Ra2+ 53. Kf1 Ra6 54. g3 Ra2 55. e6 Bxd4 56. Rc8+ Kg7 57. e7 Rf2+ 58. Ke1 Rf3 59. e8Q Re3+ 60. Qxe3 Bxe3 61. Ke2 Bd4 62. Kf3 Kf6 63. Ke4 Bb2 64. Rc2 Ba3 65. h3 Bb4 66. Rc7 Ba3 67. g4 hxg4 68. hxg4 Bb4 69. Rc4 Ba3 70. Kd5 Ke7 71. Re4+ Kf6 72. Kc6 Kg7 73. Ra4 Bc1 74. Kd7 Kf8 75. Ra8+ Kg7 76. Ra4 Kf8 77. Re4 Bd2 78. Rc4 Be3 79. Kd6 Bd2 80. Ke5 Kg7 81. Rc8 Be1 82. Rc2 Bg3 83. Ke4 Be1 84. Rc7 Bg3 85. Rb7 Bh2 86. Rb1 g5 87. f5 Bf4 88. Kd5 Bd2 89. Rb2 Bc3 90. Re2 Bb4 91. Kc6 Bc3 92. Kd7 Kf8 93. Re8+ Kg7 94. Rc8 Bb2 95. Ke8 Kf6 96. Rc6+ Kg7 97. Rc7 Kf6 98. Rxf7+ Ke5 99. Ra7 1-0

[Event "Maastricht Limburg op 12th"]
[Site "Maastricht"]
[Date "2018.05.18"]
[Round "1"]
[White "Pruijssers, Roeland"]
[Black "Decoster, Frederic"]
[Result "1-0"]
[WhiteElo "2519"]
[BlackElo "2268"]
[PlyCount "75"]
[EventDate "2018.05.18"]
[EventType "swiss"]
[EventRounds "7"]
[EventCountry "NED"]
[SourceTitle "CBM 184 Extra"]
[Source "ChessBase"]
[SourceDate "2018.06.28"]
[SourceVersion "1"]
[SourceVersionDate "2018.06.28"]
[SourceQuality "1"]

1. e4 d6 2. d4 Nf6 3. Nc3 g6 4. f4 Bg7 5. Nf3 c5 6. Bb5+ Bd7 7. e5 Ng4 8. Bxd7+ Qxd7 9. h3 cxd4 10. Qxd4 Nc6 11. Qe4 Nh6 12. Be3 Nf5 13. Bf2 dxe5 14. fxe5 0-0 15. 0-0 Qe6 16. Rae1 Rad8 17. g4 Nh6 18. Bg3 Na5 19. b3 Qc6 20. Qb4 b6 21. Re2 Nb7 22. Nb5 a6 23. Nbd4 Qc7 24. Qe1 b5 25. c3 Qb6 26. Bf2 Qc7 27. Be3 Kh8 28. Qh4 Ng8 29. Ng5 Nh6 30. Ne4 Ng8 31. Ng5 Nh6 32. Ne4 Ng8 33. Bf4 Qb6 34. b4 f6 35. Be3 fxe5 36. Ng5 Rxf1+ 37. Kxf1 Rf8+ 38. Nf5 1-0

[Event "BEL-chT 1718"]
[Site "Belgium"]
[Date "2018.02.25"]
[Round "7.5"]
[White "Decoster, Frederic"]
[Black "Horvath, Adam"]
[Result "0-1"]
[WhiteElo "2255"]
[BlackElo "2459"]
[PlyCount "92"]
[EventDate "2017.09.24"]
[EventType "team-tourn"]
[EventRounds "11"]
[EventCountry "BEL"]
[SourceTitle "EXT 2019"]
[Source "ChessBase"]
[SourceDate "2018.10.10"]
[SourceVersion "1"]
[SourceVersionDate "2018.10.10"]
[SourceQuality "1"]
[WhiteTeam "KBSK Brugge"]
[BlackTeam "Wirtzfeld"]
[WhiteTeamCountry "BEL"]
[BlackTeamCountry "BEL"]

1. e4 c5 2. Nf3 e6 3. d4 cxd4 4. Nxd4 Nc6 5. Nc3 Qc7 6. f4 a6 7. Nxc6 Qxc6 8. Bd3 b5 9. Qe2 Bb7 10. Bd2 Rc8 11. a3 Qb6 12. a4 b4 13. a5 Qc6 14. Na4 Nf6 15. e5 Ne4 16. Be3 Nc5 17. Nxc5 Bxc5 18. Bxc5 Qxc5 19. Qf2 g5 20. 0-0 gxf4 21. Qxc5 Rxc5 22. Rxf4 Bc6 23. Rxb4 Ke7 24. Rf4 Rxe5 25. Bxa6 Ra8 26. Bd3 Rexa5 27. Rxa5 Rxa5 28. Bxh7 f5 29. g4 Be4 30. gxf5 exf5 31. b4 Re5 32. c4 Kf6 33. b5 Re7 34. Rh4 d6 35. Kf2 Ke5 36. Rh5 Rg7 37. h4 Kf4 38. Bxf5 Bxf5 39. Rh6 Ke5 40. h5 Be4 41. Rh8 Kd4 42. Rd8 Rg2+ 43. Kf1 Ke3 44. Rf8 Rh2 45. Rg8 Rxh5 46. b6 Ra5 0-1

[Event "EU-Cup 31st"]
[Site "Skopje"]
[Date "2015.10.24"]
[Round "7.3"]
[White "Cvitan, Ognjen"]
[Black "Decoster, Frederic"]
[Result "1-0"]
[WhiteElo "2499"]
[BlackElo "2318"]
[PlyCount "45"]
[EventDate "2015.10.18"]
[EventType "team-swiss"]
[EventRounds "7"]
[EventCountry "MKD"]
[SourceTitle "CBM 169"]
[Source "ChessBase"]
[SourceDate "2015.11.10"]
[SourceVersion "1"]
[SourceVersionDate "2015.11.10"]
[SourceQuality "1"]
[WhiteTeam "Riehen"]
[BlackTeam "Bruges"]
[WhiteTeamCountry "SUI"]
[BlackTeamCountry "BEL"]

1. d4 Nf6 2. c4 g6 3. Nc3 Bg7 4. e4 d6 5. Nf3 0-0 6. Be2 e5 7. dxe5 dxe5 8. Qxd8 Rxd8 9. Bg5 Na6 10. Nd5 Nxd5 11. cxd5 f6 12. Be3 f5 13. Bc4 Kf8 14. Rc1 fxe4 15. Ng5 h6 16. Nxe4 c6 17. dxc6 bxc6 18. 0-0 Ke8 19. Rfd1 Rxd1+ 20. Rxd1 Nc7 21. Nd6+ Ke7 22. Bc5 Kf6 23. Nxc8 1-0

[Event "EU-Cup 31st"]
[Site "Skopje"]
[Date "2015.10.22"]
[Round "5.3"]
[White "Decoster, Frederic"]
[Black "Carstensen, Jacob"]
[Result "1/2-1/2"]
[WhiteElo "2318"]
[BlackElo "2352"]
[PlyCount "58"]
[EventDate "2015.10.18"]
[EventType "team-swiss"]
[EventRounds "7"]
[EventCountry "MKD"]
[SourceTitle "CBM 169"]
[Source "ChessBase"]
[SourceDate "2015.11.10"]
[SourceVersion "1"]
[SourceVersionDate "2015.11.10"]
[SourceQuality "1"]
[WhiteTeam "Bruges"]
[BlackTeam "Bronshoj"]
[WhiteTeamCountry "BEL"]
[BlackTeamCountry "DEN"]

1. e4 c5 2. Nf3 Nc6 3. d4 cxd4 4. Nxd4 Nf6 5. Nc3 e5 6. Ndb5 d6 7. Bg5 a6 8. Na3 b5 9. Bxf6 gxf6 10. Nd5 f5 11. Bd3 Be6 12. 0-0 Bxd5 13. exd5 Ne7 14. c3 Bg7 15. Qh5 e4 16. Bc2 0-0 17. Rae1 Rc8 18. g4 b4 19. cxb4 Bxb2 20. Re3 fxg4 21. Qxg4+ Ng6 22. Bxe4 Bxa3 23. Rxa3 Rc4 24. Rg3 f5 25. Qh5 Rxe4 26. Rxg6+ hxg6 27. Qxg6+ Kh8 28. Qh6+ Kg8 29. Qg6+ Kh8 1/2-1/2

[Event "Maastricht Limburg op-A 9th"]
[Site "Maastricht"]
[Date "2015.05.25"]
[Round "6"]
[White "Decoster, Frederic"]
[Black "L'Ami, Erwin"]
[Result "1/2-1/2"]
[WhiteElo "2303"]
[BlackElo "2635"]
[PlyCount "161"]
[EventDate "2015.05.22"]
[EventType "swiss"]
[EventRounds "7"]
[EventCountry "NED"]
[SourceTitle "CBM 166 Extra"]
[Source "ChessBase"]
[SourceDate "2015.06.18"]
[SourceVersion "1"]
[SourceVersionDate "2015.06.18"]
[SourceQuality "1"]

1. e4 e5 2. Nf3 Nc6 3. Bb5 Nf6 4. d3 Bc5 5. Bxc6 dxc6 6. h3 Be6 7. 0-0 Nd7 8. Be3 Be7 9. Nbd2 0-0 10. Nc4 Bf6 11. b3 Re8 12. Qd2 b6 13. Rad1 a5 14. a4 Qc8 15. Qc3 c5 16. Ng5 Bxg5 17. Bxg5 Bxc4 18. Qxc4 Nf8 19. Be3 Ne6 20. f4 exf4 21. Bxf4 Qd7 22. Rf2 c6 23. Rdf1 Re7 24. Be3 Rd8 25. Qc3 Qd6 26. Bf4 Qd4 27. Be5 Qxc3 28. Bxc3 Ra7 29. Ra1 Rda8 30. Kf1 Kf8 31. Ke2 Ke8 32. Kd2 Rd8 33. Ke3 Re7 34. Raf1 Rdd7 35. Rf5 Kd8 36. R5f2 Kc8 37. Kd2 Kb7 38. Ke3 f6 39. Rf5 Ka6 40. Ra1 Ng5 41. Raf1 Re8 42. R5f4 h6 43. Ra1 Rde7 44. Kd2 Nf7 45. Kc1 Nd6 46. Kb2 Kb7 47. g4 Rh8 48. Rg1 Ka6 49. Rff1 Nf7 50. h4 Kb7 51. Rf5 Ra8 52. Bd2 Nd6 53. Rff1 Re6 54. Bf4 Nf7 55. Be3 Nd6 56. Bf4 Nf7 57. Be3 Nh8 58. Rh1 Ng6 59. Rf5 Rh8 60. Bd2 Kc7 61. h5 Ne7 62. Rf2 Kd7 63. Bc3 Nc8 64. Bd2 Nd6 65. Bf4 Nf7 66. Rhf1 Ra8 67. Rg2 Re7 68. Ra1 Ke6 69. Re1 Kd7 70. Kc3 b5 71. Ra1 Nd8 72. Be3 Ne6 73. Rgg1 Kd6 74. Rgf1 Rb7 75. Bf4+ Kd7 76. Be3 Kc7 77. Rf5 Kd6 78. Bf4+ Kd7 79. Be3 Kd6 80. Bf4+ Kd7 81. Be3 1/2-1/2

[Event "Maastricht Limburg op-A 9th"]
[Site "Maastricht"]
[Date "2015.05.25"]
[Round "7"]
[White "Ernst, Sipke"]
[Black "Decoster, Frederic"]
[Result "1-0"]
[WhiteElo "2523"]
[BlackElo "2303"]
[PlyCount "81"]
[EventDate "2015.05.22"]
[EventType "swiss"]
[EventRounds "7"]
[EventCountry "NED"]
[SourceTitle "CBM 166 Extra"]
[Source "ChessBase"]
[SourceDate "2015.06.18"]
[SourceVersion "1"]
[SourceVersionDate "2015.06.18"]
[SourceQuality "1"]

1. Nf3 g6 2. d4 Nf6 3. c4 Bg7 4. Nc3 0-0 5. e3 c5 6. d5 e6 7. Be2 exd5 8. cxd5 d6 9. Nd2 Na6 10. e4 Re8 11. 0-0 Nc7 12. a4 b6 13. Re1 Rb8 14. Rb1 Na6 15. Bb5 Rf8 16. Bf1 Ng4 17. Nf3 Ne5 18. Nxe5 Bxe5 19. Nb5 Ra8 20. f4 Bg7 21. b3 Nc7 22. Bb2 Nxb5 23. Bxb5 Bd7 24. Bc4 Re8 25. Qd3 Bxb2 26. Rxb2 Qf6 27. Rf2 Qg7 28. Rfe2 f6 29. h3 Kh8 30. Qg3 Rad8 31. e5 fxe5 32. fxe5 Rxe5 33. Rxe5 dxe5 34. Rxe5 Qf6 35. Qe3 Bf5 36. Re7 Qd4 37. Kf2 Qxe3+ 38. Kxe3 Rd7 39. Rxd7 Bxd7 40. Kf4 Kg7 41. Ke5 1-0